000 00500nam a22001937a 4500
003 OSt
005 20181008182144.0
008 181008b xxu||||| |||| 00| 0 eng d
020 _a8185790027
040 _cDNLM
082 _aQV744 B76o 1998
100 _aBothara, K. G.
_912724
245 _aOrganic Pharmaceutical Chemistry
250 _a2nd ed.
260 _aPune, K.J Shah, Vinayak printers, 1998
300 _a175p; ill: 22cm
650 _aPharmaceutical chemistry
_9283
942 _2z
_cSLOAN
999 _c6165
_d6165